Finančná analýza vybraného podniku z odvetvia stavebníctva diplomová práca

Gespeichert in:
Bibliographische Detailangaben
1. Verfasser: Horváthová, Monika
Körperschaft: Fakulta podnikového manažmentu EU. Katedra podnikovohospodárska
Weitere Verfasser: Uhliar, Miroslav, 1981-
Format: Buch
Sprache:Slowakisch
Veröffentlicht: Bratislava 2015
Tags: Tag hinzufügen
Keine Tags, Fügen Sie das erste Tag hinzu!

MARC

LEADER 00000nbm a2200000 4500
001 0201299
005 20161212101643.8
041 0 |a slo 
044 |a SK 
245 1 0 |a Finančná analýza vybraného podniku z odvetvia stavebníctva  |b diplomová práca  |c Monika Horváthová ; školiteľ: Miroslav Uhliar 
264 1 |a Bratislava  |c 2015 
300 |a 89 s. 
100 1 |a Horváthová, Monika 
700 1 |a Uhliar, Miroslav, 1981- 
710 2 |a Fakulta podnikového manažmentu EU. Katedra podnikovohospodárska